00709nam a2200169 a 450000100100000000500170001000800410002704000250006808200150009310000370010824500590014526000650020430000210026995201130029095201190040399900170052200002764820200930031005.0110404s1925 dr a 000 0 spa d aDO-SdBNPbspacBNPHU axxxxbxxxx1 aBerges Bordas, Gustavo E.95473810aCien días en Nueva York /cGustavo E. Berges Bordas. aSantiago, República Dominicana, :bFranco Hermanos,c1925. a102 p. ;c21 cm. 001050718RVaPDbPDcHDd2011-04-04iLF1l0oxxxx xxxxp27648-10r2020-06-25w2020-06-25y1ZNo se presta 001050718RVaPDbPDcHDd2015-08-07iLF1l0oxxxx xxxxp27648-20r2020-06-25te. 2w2020-06-25y1ZNo se presta c27140d27140